00908nam a2200229 i 450000100060000000300090000600500170001500700030003200800410003510000520007624501420012825000150027026000610028530000260034649000250037270000500039770000290044783000330047685200320050999900170054195201200055873690ES-MaACL20240320062527.0t|040910s1943 sp ||||1| spa d1 aGómez de la Serna, Ramón,d1888-196395790113aEl circo / cpor Ramón Gómez de la Serna ; [prólogo de Julio Gómez de la Serna... (et al.) ; ilustraciones del autor y de "Apa"]. a[1ª ed.]. a[S.l. : bs.n., c1943] (eBarcelona : fLa Académica) aXX, 278 p. ; c20 cm.1 aEl monigote de papel1 aGómez de la Serna, Julio,d1895-19839578990 aApa (d1878-1948)9220290 aEl monigote de papel9226610 aES-MaACLjB-10317 bR.21665 c73690d73690 00104070aATENEOMbATENEOMcSPBd2008-01-17eSCl0oB-10317p1077132r2023-02-23 00:00:00w2023-02-23yMONOGRAFIA